Ekotábor? všetko bolo krásne

Bibliographic Details
Main Author: Strenková, Lenka, 1968- (Author)
Format: Article
Language:Slovak
PhysicalDescription:Fotogr.
Subjects:

MARC

LEADER 00000nab a2200000 a 4500
001 vtls001022455
003 SK-MaSNL
005 20260421143040.0
008 040720e19940818xo 0 slo
035 |a SL1044 
040 |a SLLK  |b slo  |c SLLK  |e AACR2 
041 0 |a slo 
044 |a xo  |c SK 
080 |a 027.53  |2 1981 
100 1 |a Strenková, Lenka,  |d 1968-  |4 aut  |9 1637405 
245 1 0 |a Ekotábor?  |b všetko bolo krásne  |c Lenka Strenková 
300 |b Fotogr. 
610 2 7 |a Okresná knižnica (Stará Ľubovňa, Slovensko)  |2 SLLK  |9 59183 
650 0 7 |a prázdninové tábory  |2 SLLK  |9 71360 
650 0 7 |a ekotábory   |2 SLLK  |9 879773 
651 7 |a Stará Ľubovňa (Slovensko)  |2 SLLK  |9 19193 
773 0 8 |t Ľubovnianske noviny  |g Roč. 20, č.33, 18.8.1994, s. 3 
852 |a ZVYKNI  |b KIS3GCP 
999 |c 1692467  |d 1694397